Vplyv demografických faktorov spotrebiteľov na efektivitu influencer marketingu bakalárska práca

Salvato in:
Dettagli Bibliografici
Autore principale: Bas, Ihor
Ente Autore: Obchodná fakulta EU. Katedra marketingu
Altri autori: Burzová, Simona, 1999-
Natura: Libro
Lingua:slovacco
Pubblicazione: Bratislava 2025
Tags: Aggiungi Tag
Nessun Tag, puoi essere il primo ad aggiungerne!!

MARC

LEADER 00000nbm a2200000 4500
001 0311231
005 20251031123214.7
041 0 |a slo 
044 |a SK 
245 1 0 |a Vplyv demografických faktorov spotrebiteľov na efektivitu influencer marketingu  |b bakalárska práca  |c Ihor Bas ; školiteľ: Simona Burzová 
264 1 |a Bratislava  |c 2025 
300 |a 58 s. 
100 1 |a Bas, Ihor 
700 1 |a Burzová, Simona, 1999- 
710 2 |a Obchodná fakulta EU. Katedra marketingu